<?xml version="1.0" encoding="UTF-8"?><?xml-stylesheet type="text/xsl" href="static/style.xsl"?><OAI-PMH xmlns="http://www.openarchives.org/OAI/2.0/" xmlns:xsi="http://www.w3.org/2001/XMLSchema-instance" xsi:schemaLocation="http://www.openarchives.org/OAI/2.0/ http://www.openarchives.org/OAI/2.0/OAI-PMH.xsd"><responseDate>2026-04-28T20:58:13Z</responseDate><request verb="GetRecord" identifier="oai:uvadoc.uva.es:10324/68596" metadataPrefix="marc">https://uvadoc.uva.es/oai/request</request><GetRecord><record><header><identifier>oai:uvadoc.uva.es:10324/68596</identifier><datestamp>2025-03-05T10:19:30Z</datestamp><setSpec>com_10324_1190</setSpec><setSpec>com_10324_931</setSpec><setSpec>com_10324_894</setSpec><setSpec>col_10324_1969</setSpec></header><metadata><record xmlns="http://www.loc.gov/MARC21/slim" xmlns:doc="http://www.lyncode.com/xoai" xmlns:xsi="http://www.w3.org/2001/XMLSchema-instance" xmlns:dcterms="http://purl.org/dc/terms/" xsi:schemaLocation="http://www.loc.gov/MARC21/slim http://www.loc.gov/standards/marcxml/schema/MARC21slim.xsd">
<leader>00925njm 22002777a 4500</leader>
<datafield tag="042" ind1=" " ind2=" ">
<subfield code="a">dc</subfield>
</datafield>
<datafield tag="720" ind1=" " ind2=" ">
<subfield code="a">Alonso García, Eusebio</subfield>
<subfield code="e">author</subfield>
</datafield>
<datafield tag="720" ind1=" " ind2=" ">
<subfield code="a">Pérez Barreiro, Sara María</subfield>
<subfield code="e">author</subfield>
</datafield>
<datafield tag="720" ind1=" " ind2=" ">
<subfield code="a">Rincón Borrego, Iván Israel</subfield>
<subfield code="e">author</subfield>
</datafield>
<datafield tag="720" ind1=" " ind2=" ">
<subfield code="a">Villalobos Alonso, Daniel</subfield>
<subfield code="e">author</subfield>
</datafield>
<datafield tag="260" ind1=" " ind2=" ">
<subfield code="c">2022</subfield>
</datafield>
<datafield tag="520" ind1=" " ind2=" ">
<subfield code="a">CineMAPP y FilmCityDB son resultados científicos del GIRAC Grupo de Investigación Reconocida &#xd;
de Arquitectura y Cine de la Universidad de Valladolid y específicamente del Proyecto I+D+i &#xd;
Ecosistema Cinematográfico de la Ciudad y Transferencia con Nuevas Tecnologías (VA234P20 – &#xd;
Eusebio Alonso García - IP; Daniel Villalobos Alonso; Iván Rincón Borrego; Sara Pérez Barreiro; &#xd;
José Mª Jové Sandoval) cofinanciado por la Junta de Castilla y León y el Fondo Europeo de &#xd;
Desarrollo Regional (FEDER).  El equipo de dirección de CineMAPP y FilmCityDB está compuesto por Eusebio Alonso García, &#xd;
Iván I. Rincón Borrego y Sara Pérez Barreiro.</subfield>
</datafield>
<datafield tag="024" ind2=" " ind1="8">
<subfield code="a">GIRAC presenta FILMCITY y CINEMAPP, 2022</subfield>
</datafield>
<datafield tag="024" ind2=" " ind1="8">
<subfield code="a">https://uvadoc.uva.es/handle/10324/68596</subfield>
</datafield>
<datafield ind1=" " ind2=" " tag="653">
<subfield code="a">Arquitectura</subfield>
</datafield>
<datafield ind1=" " ind2=" " tag="653">
<subfield code="a">Ciudad</subfield>
</datafield>
<datafield ind1=" " ind2=" " tag="653">
<subfield code="a">Cine</subfield>
</datafield>
<datafield ind1=" " ind2=" " tag="653">
<subfield code="a">Base de Datos</subfield>
</datafield>
<datafield ind1=" " ind2=" " tag="653">
<subfield code="a">App</subfield>
</datafield>
<datafield tag="245" ind1="0" ind2="0">
<subfield code="a">CineMAPP y FilmCityDB</subfield>
</datafield>
</record></metadata></record></GetRecord></OAI-PMH>